000 00621 a2200169 4500
005 20240830141156.0
008 121006t xxu||||| |||| 00| 0 eng d
020 _a9780511910616
100 _aKennedy, Juliette; ed.
_eed.by
245 _aSet theory, arithmetic, and foundations of mathematics
_btheorems, philosophies
_ced.by Juliette Kennedy and Roman Kossak
260 _bCambridge University Press
_c2011
_aCambridge
653 _aMathematics -Logic
653 _aLogic, categories and sets
700 _aKossak, Roman; ed.by
856 _uhttps://www.cambridge.org/core/search?q=9780511910616
942 _cEB
999 _c75230
_d75229